000 002840000a22000970004500
100 1 _aLabidi Maïza, Mehrézia
245 1 0 _aHeredera de mi padre. Recorrido de una musulmana feminista
300 _aVol.316, núm.316 (Junio, 2006), Páginas 427-436
773 0 _tConcilium
942 _cANA
999 _c62010
_d62010